مكتبة جامعة عجلون الوطنية

فهرس بحث المكتبة

Normal view MARC view
  • تأليف Phillip D.Rumrill, Bryan G.Cook مؤلفون مشاركون, Anderw L.Wiley؛ ترجمة علياء جمال حمدي

Entry Personal Name

Number of records used in: 1

001 - CONTROL NUMBER

  • control field: 60616

003 - CONTROL NUMBER IDENTIFIER

  • control field: JO-AjAnu

005 - DATE AND TIME OF LATEST TRANSACTION

  • control field: 20230606083916.0

008 - FIXED-LENGTH DATA ELEMENTS

  • fixed length control field: 230606|| aca||aabn | a|a d

040 ## - CATALOGING SOURCE

  • Original cataloging agency: JO-AjAnu
  • Transcribing agency: JO-AjAnu

100 ## - HEADING--PERSONAL NAME

  • Personal name: تأليف Phillip D.Rumrill, Bryan G.Cook مؤلفون مشاركون, Anderw L.Wiley؛ ترجمة علياء جمال حمدي

670 ## - SOURCE DATA FOUND

  • Source citation: Work cat.: (JO-AjAnu)30912: تأليف Phillip D.Rumrill, Bryan G.Cook مؤلفون مشاركون, Anderw L.Wiley؛ ترجمة علياء جمال حمدي, author, البحث في التربية الخاصة: التصميمات والمناهج والتطبيقات=RESEARCH IN SPECIAL EDUCATION:DESIGENS,METHODS,AND APPLICATIONS